00409nam a2200133Ia 4500008004100000100001500041245007700056245001500133260005900148260000900207650001800216650001500234856002600249170221s9999 xx 000 0 und d aIpek Halim aAnalysing the Effectiveness of the Personality Symbols/Icons Ipek Halim  cIpek Halim bOnline Journal of Communication and Media Technologies c2016 xCommunication xMedia Arts uhttp://www.ojcmt.net/